Capitals of the "Stan" Countries - Map Quiz - Statistics

General Stats
  • This quiz has been taken 78 times
  • The average score is 6 of 7
Answers on the Map
Answers color-coded by a green-red scale on the quiz's map according to % correct below.
 
Answer Stats
Answer % Correct
Nur-Sultan
92%
Bishkek
91%
Tashkent
85%
Islamabad
83%
Kabul
83%
Ashgabat
79%
Dushanbe
79%
No matching quizzes found
Score Distribution
Percent of People with Each Score
Percentile by Number Answered
Your Score History
You have not taken this quiz